[Event "XIX. DBMM Schach"]
[Site "Billerbeck"]
[Date "2019.09.07"]
[Round "5.3"]
[White "Guth, Thomas"]
[Black "Gebert Vangeel, Ralf"]
[Result "0-1"]
[WhiteElo "2277"]
[BlackElo "1975"]
[Annotator "dgt"]
[PlyCount "204"]
[EventDate "2019.09.??"]
[EventType "team-swiss"]
[EventRounds "7"]
[EventCountry "GER"]
[SourceTitle "XIX. DBMM 2019"]
[Source "FV Schach e.V."]
[SourceDate "2019.09.09"]
[SourceVersion "4"]
[SourceVersionDate "2019.10.16"]
[SourceQuality "1"]
[WhiteTeam "AGI Frankfurt"]
[BlackTeam "SV Osram Berlin"]
[WhiteTeamCountry "GER"]
[BlackTeamCountry "GER"]

1. e4 e5 2. Bc4 Nf6 3. Nc3 Bc5 4. d3 O-O 5. Nf3 d6 6. h3 c6 7. Bb3 Be6 8. O-O
Nbd7 9. Na4 Bxb3 10. axb3 Bb4 11. c3 Ba5 12. b4 Bc7 13. c4 Re8 14. Nc3 Nf8 15.
Ne2 d5 16. Qc2 Ne6 17. Be3 a6 18. Rfd1 Qe7 19. Bd2 Rad8 20. Bc3 d4 21. Bd2 Nh5
22. c5 Rf8 23. Qc4 Kh8 24. g4 Nf6 25. Ng3 g6 26. Kf1 Nd7 27. Bh6 Rg8 28. Ke1
Ra8 29. Bd2 a5 30. bxa5 Qxc5 31. b4 Qe7 32. a6 Rxa6 33. Rxa6 bxa6 34. Qxc6 Nb8
35. Qc4 Bd6 36. Kf1 Kg7 37. Rc1 Rd8 38. Kg2 Rd7 39. Qd5 Nc7 40. Qb3 Ne6 41. Rc8
Rd8 42. Rxd8 Qxd8 43. Qd5 Qc7 44. Qb3 Nd7 45. g5 Qb8 46. h4 Nec5 47. Qc2 Ne6
48. Qc6 Nb6 49. h5 f6 50. h6+ Kf7 51. b5 Nd8 52. Qc2 axb5 53. Qb3+ Ne6 54. Qxb5
Nc8 55. Qd7+ Ne7 56. Qa4 Qc8 57. Qb3 Ng8 58. Nf5 Qd7 59. Nxd6+ Qxd6 60. Qb7+
Qc7 61. Qxc7+ Nxc7 62. gxf6 Kxf6 63. Bg5+ Ke6 64. Kg3 Ne8 65. Nd2 Nef6 66. Nc4
Nh5+ 67. Kf3 Nhf6 68. Bc1 Nd7 69. Ke2 Kf6 70. f4 exf4 71. Bxf4 g5 72. e5+ Kf5
73. e6 Nf8 74. e7 Nxe7 75. Bd6 Nfg6 76. Kf3 Ng8 77. Bc5 Nxh6 78. Bxd4 Nf7 79.
Ne3+ Ke6 80. Ba7 h5 81. d4 Nf4 82. Bb8 Nd5 83. Ng2 Kf5 84. Ba7 Nd6 85. Ne1 Ne4
86. Nd3 h4 87. Ne5 Ndf6 88. Bb6 Nd2+ 89. Kg2 Nh5 90. Bd8 Nf4+ 91. Kh2 Ne6 92.
Be7 Nxd4 93. Nf7 N2f3+ 94. Kg2 Kg4 95. Nh6+ Kh5 96. Nf7 g4 97. Bd6 Nf5 98. Bf4
Ne1+ 99. Kh2 Nd3 100. Bb8 g3+ 101. Kh3 Nf2+ 102. Kg2 h3+ 0-1

[Event "XIX. DBMM Schach"]
[Site "Billerbeck"]
[Date "2019.09.07"]
[Round "5.4"]
[White "Mayer, Herbert"]
[Black "Buescher, Henrik"]
[Result "1/2-1/2"]
[WhiteElo "1800"]
[BlackElo "2112"]
[Annotator "dgt"]
[PlyCount "22"]
[EventDate "2019.09.??"]
[EventType "team-swiss"]
[EventRounds "7"]
[EventCountry "GER"]
[SourceTitle "XIX. DBMM 2019"]
[Source "FV Schach e.V."]
[SourceDate "2019.09.09"]
[SourceVersion "4"]
[SourceVersionDate "2019.10.16"]
[SourceQuality "1"]
[WhiteTeam "SV Osram Berlin"]
[BlackTeam "AGI Frankfurt"]
[WhiteTeamCountry "GER"]
[BlackTeamCountry "GER"]

{[%evp 0,23,19,-30,-33,-42,31,20,51,17,13,18,23,29,24,21,32,-31,-21,-21,-21,
-21,-1,-25,25,-35]} 1. f4 d5 2. b3 Qd6 3. e3 d4 4. Nf3 dxe3 5. dxe3 Qxd1+ 6.
Kxd1 Nf6 7. Bd3 Nc6 8. a3 g6 9. Bb2 Bg7 10. Ke2 O-O 11. Nbd2 b6 1/2-1/2

[Event "XIX. DBMM Schach"]
[Site "Billerbeck"]
[Date "2019.09.07"]
[Round "5.1"]
[White "Ginsburg, Gennadi"]
[Black "Hoffmann, Hendrik"]
[Result "1-0"]
[WhiteElo "2415"]
[BlackElo "2274"]
[Annotator "br"]
[PlyCount "93"]
[EventDate "2019.09.??"]
[EventType "team-swiss"]
[EventRounds "7"]
[EventCountry "GER"]
[SourceTitle "XIX. DBMM 2019"]
[Source "FV Schach e.V."]
[SourceDate "2019.09.09"]
[SourceVersion "4"]
[SourceVersionDate "2019.10.16"]
[SourceQuality "1"]
[WhiteTeam "Software AG Darmstadt"]
[BlackTeam "le-tex Publishing Services Leipzig"]
[WhiteTeamCountry "GER"]
[BlackTeamCountry "GER"]

1. e4 d6 2. d4 Nf6 3. Nc3 g6 4. Nf3 Bg7 5. h3 O-O 6. Be3 c6 7. a4 a5 8. Be2 Na6
9. O-O Nb4 10. Nd2 d5 11. e5 Ne8 12. Na2 Nxa2 13. Rxa2 b6 14. f4 f6 15. b3 Bh6
16. Nf3 Nc7 17. c3 Ne6 18. g3 Qc7 19. Bd3 f5 20. Qe2 Bd7 21. c4 Kh8 22. Rc2 Qb7
23. Rfc1 Rfd8 24. h4 Be8 25. Kf2 Bg7 26. h5 c5 27. cxd5 cxd4 28. dxe6 dxe3+ 29.
Qxe3 b5 30. Bxb5 Bxb5 31. axb5 Qxb5 32. hxg6 hxg6 33. Ng5 Kg8 34. Qf3 Qb4 35.
Qc3 Qxc3 36. Rxc3 Rd2+ 37. Ke3 Rb2 38. R1c2 Rxc2 39. Rxc2 a4 40. Ra2 a3 41. Nf3
Bh6 42. Nd4 Ra6 43. b4 Ra4 44. Nc6 Kf8 45. b5 g5 46. b6 gxf4+ 47. Kf3 1-0

[Event "XIX. DBMM Schach"]
[Site "Billerbeck"]
[Date "2019.09.07"]
[Round "5.2"]
[White "Heinrich, Thomas"]
[Black "Zude, Arno"]
[Result "1-0"]
[WhiteElo "2172"]
[BlackElo "2372"]
[Annotator "br"]
[PlyCount "197"]
[EventDate "2019.09.??"]
[EventType "team-swiss"]
[EventRounds "7"]
[EventCountry "GER"]
[SourceTitle "XIX. DBMM 2019"]
[Source "FV Schach e.V."]
[SourceDate "2019.09.09"]
[SourceVersion "4"]
[SourceVersionDate "2019.10.16"]
[SourceQuality "1"]
[WhiteTeam "le-tex Publishing Services Leipzig"]
[BlackTeam "Software AG Darmstadt"]
[WhiteTeamCountry "GER"]
[BlackTeamCountry "GER"]

1. d4 Nf6 2. Nf3 e6 3. Bf4 d5 4. e3 Bd6 5. Bg3 O-O 6. Nbd2 c5 7. c3 Nc6 8. Bd3
b6 9. Ne5 Bb7 10. O-O Qc7 11. f4 $11 Ne7 12. Qf3 Nf5 13. Bf2 Be7 14. Qh3 Ne4
15. Rad1 Rac8 16. Rfe1 f6 17. Nef3 c4 18. Bc2 b5 19. Nxe4 dxe4 20. Nd2 Nd6 21.
g4 Rfe8 22. Bg3 f5 23. Bh4 Bf8 24. Kh1 Qd7 25. Rg1 Qf7 26. Rg2 Bd5 27. Rdg1 a5
28. Bd1 b4 29. Nf1 Rb8 30. Ng3 g6 31. Nh5 Bg7 32. Nxg7 Qxg7 33. gxf5 exf5 34.
Ba4 Re6 35. Be1 Qc7 36. Qh6 Nf7 37. Qh4 Bc6 38. Bd1 Nd6 39. Qf2 Nc8 40. h4 Ne7
41. h5 Be8 42. Qh4 Nd5 43. Qh3 Qf7 44. Be2 Bb5 45. Rg3 Rbb6 46. Qf1 Rbc6 47.
R1g2 Ba6 48. Rh2 Re7 49. Qh3 Qg7 50. Qf1 $11 Rf7 51. hxg6 hxg6 52. Rgh3 Kf8 53.
cxb4 axb4 54. b3 Nc3 55. Bxc4 Bxc4 56. bxc4 Ra6 57. Rh8+ Ke7 58. Bxc3 bxc3 59.
Qb1 Kf6 60. Qb5 Re6 61. Qb3 Rb7 62. Qxc3 Rb1+ 63. Kg2 Reb6 64. d5+ Kf7 65. R8h7
R6b2+ 66. Qxb2 Rxb2+ 67. Kg3 Rb1 68. Rxg7+ Kxg7 69. Rd2 Kf7 70. c5 Rc1 71. c6
Ke8 72. Kh4 Rc3 73. Kg5 Rxe3 74. Kxg6 Rd3 75. Rc2 Kd8 76. Kxf5 e3 77. Re2 Rxd5+
78. Ke4 Rc5 79. Kxe3 Rxc6 80. Kf3 Rf6 81. a4 Rf8 82. a5 Rf6 83. Re5 Kd7 84. Kg4
Rg6+ 85. Kf5 Ra6 86. Kg5 Kd6 87. Rf5 Ke7 88. Rb5 Kf7 89. f5 Ra7 90. Rc5 Kg7 91.
Kf4 Kf7 92. Ke5 Ke7 93. Kd5 Ra6 94. Kc4 Kd6 95. Rd5+ Kc6 96. Rb5 Kc7 97. Kb4
Rf6 98. Re5 Rf8 99. a6 {Zeit.} 1-0

[Event "XIX. DBMM Schach"]
[Site "Billerbeck"]
[Date "2019.09.07"]
[Round "5.3"]
[White "Eckert, Roland"]
[Black "Rohne, Lars"]
[Result "0-1"]
[WhiteElo "2006"]
[BlackElo "2123"]
[Annotator "br"]
[PlyCount "82"]
[EventDate "2019.09.??"]
[EventType "team-swiss"]
[EventRounds "7"]
[EventCountry "GER"]
[SourceTitle "XIX. DBMM 2019"]
[Source "FV Schach e.V."]
[SourceDate "2019.09.09"]
[SourceVersion "4"]
[SourceVersionDate "2019.10.16"]
[SourceQuality "1"]
[WhiteTeam "Software AG Darmstadt"]
[BlackTeam "le-tex Publishing Services Leipzig"]
[WhiteTeamCountry "GER"]
[BlackTeamCountry "GER"]

1. e4 g6 2. d4 Bg7 3. Nf3 d6 4. Bd3 a6 5. a4 b6 6. O-O e6 7. Re1 Ne7 8. c4 Nd7
9. Nc3 e5 10. Be3 exd4 11. Nxd4 Ne5 12. Be2 O-O 13. f4 N5c6 14. Bf3 Bb7 15. Rb1
Nxd4 16. Bxd4 Bxd4+ $11 17. Qxd4 Qd7 18. Nd5 Bxd5 19. cxd5 f6 20. Rec1 Kf7 21.
Rc3 a5 22. Rbc1 Ra7 23. Be2 Rc8 24. Bb5 Qd8 25. Rf1 Kg7 26. g4 Ng8 27. g5 Qe7
28. h4 Rf8 29. Rh3 h5 30. gxh6+ Kxh6 31. h5 g5 32. fxg5+ Kh7 33. Rhf3 Raa8 34.
gxf6 Qf7 35. Kg2 Nh6 36. Rg3 Rg8 37. Rff3 Qxh5 38. Bd3 Nf7 39. e5+ Kh8 40. e6
Ne5 41. f7 Qxf3+ 0-1

[Event "XIX. DBMM Schach"]
[Site "Billerbeck"]
[Date "2019.09.07"]
[Round "5.4"]
[White "Hartmann, Uwe"]
[Black "Mohr, Thomas"]
[Result "1/2-1/2"]
[WhiteElo "1964"]
[BlackElo "1904"]
[Annotator "br"]
[PlyCount "39"]
[EventDate "2019.09.??"]
[EventType "team-swiss"]
[EventRounds "7"]
[EventCountry "GER"]
[SourceTitle "XIX. DBMM 2019"]
[Source "FV Schach e.V."]
[SourceDate "2019.09.09"]
[SourceVersion "4"]
[SourceVersionDate "2019.10.16"]
[SourceQuality "1"]
[WhiteTeam "le-tex Publishing Services Leipzig"]
[BlackTeam "Software AG Darmstadt"]
[WhiteTeamCountry "GER"]
[BlackTeamCountry "GER"]

1. e4 c5 2. Nf3 Nc6 3. d4 cxd4 4. Nxd4 e5 5. Nb5 a6 6. Nd6+ Bxd6 7. Qxd6 Qe7 8.
Qxe7+ Ngxe7 9. c3 d5 10. exd5 Nxd5 11. Bc4 Be6 12. Bxd5 Bxd5 13. O-O O-O 14.
Be3 b5 15. Nd2 Rab8 16. f4 e4 17. Rfd1 Na5 18. b4 Nc4 19. Nxc4 Bxc4 20. Kf2
1/2-1/2

[Event "XIX. DBMM Schach"]
[Site "Billerbeck"]
[Date "2019.09.07"]
[Round "5.1"]
[White "Eggenstein, Frank"]
[Black "Bohnhoff, Peter"]
[Result "1/2-1/2"]
[WhiteElo "1995"]
[BlackElo "2078"]
[Annotator "br"]
[PlyCount "46"]
[EventDate "2019.09.??"]
[EventType "team-swiss"]
[EventRounds "7"]
[EventCountry "GER"]
[SourceTitle "XIX. DBMM 2019"]
[Source "FV Schach e.V."]
[SourceDate "2019.09.09"]
[SourceVersion "4"]
[SourceVersionDate "2019.10.16"]
[SourceQuality "1"]
[WhiteTeam "RWE AG Essen"]
[BlackTeam "Europaeisches Patentamt Muenchen"]
[WhiteTeamCountry "GER"]
[BlackTeamCountry "GER"]

1. e4 e5 2. Nf3 d6 3. d3 g6 4. g3 Bg7 5. Bg2 Nc6 6. O-O f5 7. Nc3 Nf6 8. exf5
Bxf5 9. Nh4 Bg4 10. f3 Bc8 11. f4 O-O 12. f5 Bxf5 13. Nxf5 gxf5 14. Rxf5 Nd4
15. Rf1 c6 16. Be3 Ne6 17. Bh3 Qe7 18. Qe2 a6 19. Ne4 d5 20. Ng5 Nxg5 21. Bxg5
Qc5+ 22. Kh1 Rae8 23. Rae1 Qd6 1/2-1/2

[Event "XIX. DBMM Schach"]
[Site "Billerbeck"]
[Date "2019.09.07"]
[Round "5.2"]
[White "Brendemuehl, Bernd"]
[Black "Kuerschners, Stefan"]
[Result "0-1"]
[WhiteElo "1905"]
[BlackElo "1974"]
[Annotator "br"]
[PlyCount "71"]
[EventDate "2019.09.??"]
[EventType "team-swiss"]
[EventRounds "7"]
[EventCountry "GER"]
[SourceTitle "XIX. DBMM 2019"]
[Source "FV Schach e.V."]
[SourceDate "2019.09.09"]
[SourceVersion "4"]
[SourceVersionDate "2019.10.16"]
[SourceQuality "1"]
[WhiteTeam "Europaeisches Patentamt Muenchen"]
[BlackTeam "RWE AG Essen"]
[WhiteTeamCountry "GER"]
[BlackTeamCountry "GER"]

1. e4 c5 2. Nf3 e6 3. d4 cxd4 4. Nxd4 Nc6 5. Nc3 Qc7 6. Be2 Nf6 7. O-O a6 8.
Be3 Bb4 9. Bd3 Ne5 10. Bf4 d6 11. Bxe5 dxe5 12. Nde2 Bc5 13. Ng3 h5 14. h3 b5
15. a3 Bb7 16. Qc1 Rh6 17. Qg5 O-O-O 18. Rad1 Rg6 19. Qc1 Rxg3 20. b4 Bb6 21.
Ne2 Rg6 22. Qb1 Nxe4 23. c4 Rxd3 24. Rxd3 Nxf2 25. Rxf2 Rxg2+ 26. Kf1 Rxf2+ 27.
Ke1 bxc4 28. Rc3 Bd5 29. b5 a5 30. Qc1 f6 31. Qb1 e4 32. Ng3 Rg2 33. Nf1 Qf4
34. Rc2 Qh4+ 35. Kd1 Rg1 36. Rxc4+ 0-1

[Event "XIX. DBMM Schach"]
[Site "Billerbeck"]
[Date "2019.09.07"]
[Round "5.3"]
[White "Broszeit, Peter"]
[Black "Bumes, Konrad"]
[Result "1-0"]
[WhiteElo "1943"]
[BlackElo "1936"]
[Annotator "br"]
[PlyCount "99"]
[EventDate "2019.09.??"]
[EventType "team-swiss"]
[EventRounds "7"]
[EventCountry "GER"]
[SourceTitle "XIX. DBMM 2019"]
[Source "FV Schach e.V."]
[SourceDate "2019.09.09"]
[SourceVersion "4"]
[SourceVersionDate "2019.10.16"]
[SourceQuality "1"]
[WhiteTeam "RWE AG Essen"]
[BlackTeam "Europaeisches Patentamt Muenchen"]
[WhiteTeamCountry "GER"]
[BlackTeamCountry "GER"]

1. e4 c6 2. c4 d5 3. exd5 cxd5 4. cxd5 Nf6 5. Bb5+ Bd7 6. Bc4 Qc7 7. Bb3 Nxd5
8. Nc3 Nf6 9. d4 e6 10. Nf3 Bd6 11. Bg5 h6 12. Bh4 Nc6 13. O-O Na5 14. Ba4 a6
15. d5 b5 16. dxe6 fxe6 17. Bc2 g5 18. Bg3 Bxg3 19. Bg6+ Ke7 20. hxg3 Nc4 21.
Qe2 Rhg8 22. Bd3 Rac8 23. Ne4 Nxe4 24. Qxe4 Rg7 25. b3 Nd6 26. Qe5 Qc3 27. Rad1
Qxe5 28. Nxe5 Be8 29. Rc1 h5 30. Rxc8 Nxc8 31. Rc1 Nd6 32. Rc7+ Kf6 33. Rxg7
Kxg7 34. f4 Kf6 35. Kf2 g4 36. Ke3 Nc8 37. Be4 Nb6 38. Kd4 Ke7 39. Bb7 a5 40.
Kc5 Nd5 41. Bxd5 exd5 42. Kxd5 h4 43. gxh4 g3 44. Ng4 Bh5 45. Ne3 Kf6 46. a3
Be2 47. b4 axb4 48. axb4 Bh5 49. Ke4 Be2 50. f5 1-0

[Event "XIX. DBMM Schach"]
[Site "Billerbeck"]
[Date "2019.09.07"]
[Round "5.4"]
[White "Lange, Ronny"]
[Black "Hielscher, Klaus Peter"]
[Result "1-0"]
[WhiteElo "1800"]
[BlackElo "1719"]
[Annotator "br"]
[PlyCount "93"]
[EventDate "2019.09.??"]
[EventType "team-swiss"]
[EventRounds "7"]
[EventCountry "GER"]
[SourceTitle "XIX. DBMM 2019"]
[Source "FV Schach e.V."]
[SourceDate "2019.09.09"]
[SourceVersion "4"]
[SourceVersionDate "2019.10.16"]
[SourceQuality "1"]
[WhiteTeam "Europaeisches Patentamt Muenchen"]
[BlackTeam "RWE AG Essen"]
[WhiteTeamCountry "GER"]
[BlackTeamCountry "GER"]

1. e4 c5 2. Nf3 e6 3. d4 cxd4 4. Nxd4 a6 5. c4 Nf6 6. Nc3 Qc7 7. Bd3 Nc6 8.
Nxc6 bxc6 9. O-O e5 10. Kh1 d6 11. f3 Be7 12. Be3 O-O 13. Qe1 Rb8 14. b3 Be6
15. Rd1 Rfd8 16. f4 Ng4 17. Bc1 exf4 18. Bxf4 Ne5 19. Be2 Ng6 20. Bg3 Bf6 21.
c5 Be5 22. cxd6 Bxd6 23. Bxd6 Rxd6 24. Qg3 Rbd8 25. Bxa6 Qd7 26. Rxd6 Qxd6 27.
Qxd6 Rxd6 28. Rd1 Rxd1+ 29. Nxd1 Kf8 30. Kg1 Ke7 31. Ne3 Ne5 32. Kf2 Kd6 33.
Ke2 Kc5 34. Kd2 Kd4 35. Nf5+ Kxe4 36. Nxg7 Bd7 37. Nh5 f5 38. Nf6+ Kf4 39. Nxh7
Ng4 40. Nf8 Be8 41. Ne6+ Ke5 42. h3 Nf6 43. Bc4 Nh5 44. a4 Bf7 45. Nd8 Bxc4 46.
bxc4 Kd4 47. a5 1-0

[Event "XIX. DBMM Schach"]
[Site "Billerbeck"]
[Date "2019.09.07"]
[Round "5.1"]
[White "Koscielski, Janusz"]
[Black "Hohlfeld, Wolfgang"]
[Result "1-0"]
[WhiteElo "2270"]
[BlackElo "2067"]
[Annotator "br"]
[PlyCount "104"]
[EventDate "2019.09.??"]
[EventType "team-swiss"]
[EventRounds "7"]
[EventCountry "GER"]
[SourceTitle "XIX. DBMM 2019"]
[Source "FV Schach e.V."]
[SourceDate "2019.09.09"]
[SourceVersion "4"]
[SourceVersionDate "2019.10.16"]
[SourceQuality "1"]
[WhiteTeam "EKJ Herne und Wanne-Eickel"]
[BlackTeam "Baubehoerde Hamburg"]
[WhiteTeamCountry "GER"]
[BlackTeamCountry "GER"]

1. e4 c5 2. Nf3 d6 3. d4 cxd4 4. Nxd4 Nf6 5. Nc3 g6 6. Be3 Bg7 7. f3 O-O 8. Qd2
Nc6 9. O-O-O d5 10. exd5 Nxd5 11. Nxc6 bxc6 12. Bd4 Nxc3 13. Qxc3 Bh6+ 14. Be3
Bxe3+ 15. Qxe3 Qb6 16. Qxe7 Be6 17. Qa3 Rfd8 18. Rxd8+ Rxd8 19. Bd3 Qf2 20. Qa5
Rd5 21. Qd2 Qd4 22. Rd1 Qa4 23. a3 c5 24. Qe3 Qh4 25. h3 Qg3 26. Bf1 Re5 27.
Qc3 h5 28. b3 Kh7 29. Kb2 Qf4 30. Re1 Rxe1 31. Qxe1 Qd4+ 32. Qc3 Qf2 33. Qd3
Bf5 34. Qe2 Qd4+ 35. c3 Qd5 36. Qe1 Be6 37. Bc4 Qg5 38. Qe2 Bxc4 39. bxc4 Qf4
40. Kc2 a5 41. a4 Qg3 42. Kb3 Qb8+ 43. Ka2 Qd6 44. Ka3 Qf4 45. Kb2 Qd6 46. Qe3
Qd1 47. f4 f5 48. g3 Qd6 49. Kc2 Qc7 50. Qe6 Kh6 51. Qg8 Qg7 52. Qd8 Qa7 1-0

[Event "XIX. DBMM Schach"]
[Site "Billerbeck"]
[Date "2019.09.07"]
[Round "5.2"]
[White "Hein, Ralf"]
[Black "Hortolani, Sven Holger"]
[Result "0-1"]
[WhiteElo "2062"]
[BlackElo "2135"]
[Annotator "br"]
[PlyCount "54"]
[EventDate "2019.09.??"]
[EventType "team-swiss"]
[EventRounds "7"]
[EventCountry "GER"]
[SourceTitle "XIX. DBMM 2019"]
[Source "FV Schach e.V."]
[SourceDate "2019.09.09"]
[SourceVersion "4"]
[SourceVersionDate "2019.10.16"]
[SourceQuality "1"]
[WhiteTeam "Baubehoerde Hamburg"]
[BlackTeam "EKJ Herne und Wanne-Eickel"]
[WhiteTeamCountry "GER"]
[BlackTeamCountry "GER"]

1. c4 e5 2. Nc3 Nc6 3. g3 f5 4. Bg2 Nf6 5. d3 Bb4 6. Bd2 O-O 7. e3 Bxc3 8. Bxc3
f4 9. Nf3 d6 10. O-O fxg3 11. fxg3 Qe8 12. Nd2 Qg6 13. Ne4 Nxe4 14. Rxf8+ Kxf8
15. Bxe4 Qg4 16. Bxh7 Ke7 17. d4 Qg5 18. Qd3 Bh3 19. d5 Nd8 20. Bd2 Nf7 21. Be4
Qg4 22. Bg2 Ng5 23. Rf1 Bxg2 24. Kxg2 e4 25. Qc3 Nf3 26. Rf2 Rh8 27. Kh1 Qxg3
0-1

[Event "XIX. DBMM Schach"]
[Site "Billerbeck"]
[Date "2019.09.07"]
[Round "5.3"]
[White "Leveikina, Jevgenija"]
[Black "Buchholz, Robert"]
[Result "1/2-1/2"]
[WhiteElo "2084"]
[BlackElo "1988"]
[Annotator "br"]
[PlyCount "82"]
[EventDate "2019.09.??"]
[EventType "team-swiss"]
[EventRounds "7"]
[EventCountry "GER"]
[SourceTitle "XIX. DBMM 2019"]
[Source "FV Schach e.V."]
[SourceDate "2019.09.09"]
[SourceVersion "4"]
[SourceVersionDate "2019.10.16"]
[SourceQuality "1"]
[WhiteTeam "EKJ Herne und Wanne-Eickel"]
[BlackTeam "Baubehoerde Hamburg"]
[WhiteTeamCountry "GER"]
[BlackTeamCountry "GER"]

1. e4 d5 2. exd5 Nf6 3. c4 c6 4. d4 cxd5 5. Nc3 Nc6 6. Nf3 Bg4 7. cxd5 Nxd5 8.
Be2 e6 9. O-O Be7 10. Ne4 h6 11. h3 Bh5 12. Ng3 Bg6 13. Bb5 Bd6 $11 14. Ne5
Bxe5 15. dxe5 Qb6 16. Bxc6+ Qxc6 17. h4 O-O 18. Qg4 Kh8 19. Be3 Nxe3 20. fxe3
Qc5 21. Qf4 Rac8 22. h5 Bh7 23. Rac1 Qxc1 24. Rxc1 Rxc1+ 25. Kh2 Rc2 26. Qb4
$11 Rb8 27. e4 a6 28. Qb6 g5 29. hxg6 Bxg6 30. Qb3 Rc5 31. Qe3 Rb5 32. Qxh6+
Kg8 33. Qg5 Kh7 34. Nf5 exf5 35. exf5 Re8 36. fxg6+ fxg6 37. Qh4+ Kg8 38. Qf6
Rexe5 39. Qxg6+ Kf8 40. Qd6+ Kf7 41. b4 Re6 1/2-1/2

[Event "XIX. DBMM Schach"]
[Site "Billerbeck"]
[Date "2019.09.07"]
[Round "5.4"]
[White "Kaliski, Achim"]
[Black "Rhein, Volker"]
[Result "1-0"]
[WhiteElo "1969"]
[BlackElo "1300"]
[Annotator "br"]
[PlyCount "35"]
[EventDate "2019.09.??"]
[EventType "team-swiss"]
[EventRounds "7"]
[EventCountry "GER"]
[SourceTitle "XIX. DBMM 2019"]
[Source "FV Schach e.V."]
[SourceDate "2019.09.09"]
[SourceVersion "4"]
[SourceVersionDate "2019.10.16"]
[SourceQuality "1"]
[WhiteTeam "Baubehoerde Hamburg"]
[BlackTeam "EKJ Herne und Wanne-Eickel"]
[WhiteTeamCountry "GER"]
[BlackTeamCountry "GER"]

1. e4 e5 2. f4 exf4 3. Nf3 d6 4. d4 c6 5. Bxf4 Bg4 6. Bc4 Nf6 7. Nc3 Nbd7 8.
O-O Nb6 9. Bd3 Be7 10. Qd2 h6 11. Rae1 Nh5 12. h3 Be6 13. Bh2 Qd7 14. d5 cxd5
15. exd5 Bxh3 16. gxh3 O-O-O 17. Nd4 Qxh3 18. Bf5+ 1-0

[Event "XIX. DBMM Schach"]
[Site "Billerbeck"]
[Date "2019.09.07"]
[Round "5.1"]
[White "Feikes, Joerg"]
[Black "Seger, Ruediger"]
[Result "1/2-1/2"]
[WhiteElo "2063"]
[BlackElo "2332"]
[Annotator "jf"]
[PlyCount "92"]
[EventDate "2019.09.??"]
[EventType "team-swiss"]
[EventRounds "7"]
[EventCountry "GER"]
[SourceTitle "XIX. DBMM 2019"]
[Source "FV Schach e.V."]
[SourceDate "2019.09.09"]
[SourceVersion "4"]
[SourceVersionDate "2019.10.16"]
[SourceQuality "1"]
[WhiteTeam "BA Tempelhof Berlin"]
[BlackTeam "Deutsche Post Bonn"]
[WhiteTeamCountry "GER"]
[BlackTeamCountry "GER"]

1. e4 c5 2. Nc3 Nc6 3. g3 g6 4. Bg2 Bg7 5. d3 d6 6. Be3 Rb8 7. Qd2 e6 8. Nf3
Nd4 9. Bxd4 cxd4 10. Nb5 a6 11. Nbxd4 Ne7 12. O-O b5 13. c3 a5 14. a3 O-O 15.
Rfe1 Qb6 16. Nc2 Nc6 17. b4 Bd7 18. d4 Rfc8 19. Ne3 Ne7 20. g4 Bc6 21. Qd3 Qb7
22. Nd2 e5 23. d5 Bd7 24. g5 f5 25. gxf6 Bxf6 26. Nb3 axb4 27. cxb4 Qa7 28. Nd2
Bg5 29. Ndf1 Ra8 30. Bf3 h5 31. Be2 Rc7 32. Rec1 Rac8 33. Rc2 Rxc2 34. Nxc2 Rc7
35. Nfe3 Qb8 36. Nd1 Kh7 37. Bf1 Ng8 38. Ra2 Qc8 39. Nce3 Nf6 40. Rc2 Rxc2 41.
Nxc2 Nxe4 42. Qxe4 Bf5 43. Qg2 Qxc2 44. Qxg5 Qxd1 45. Qe7+ Kh6 46. Qf8+ Kh7
1/2-1/2

[Event "XIX. DBMM Schach"]
[Site "Billerbeck"]
[Date "2019.09.07"]
[Round "5.2"]
[White "Stanetzek, Carsten"]
[Black "Kettenburg, Stefan"]
[Result "1-0"]
[WhiteElo "2157"]
[BlackElo "2075"]
[Annotator "br"]
[PlyCount "103"]
[EventDate "2019.09.??"]
[EventType "team-swiss"]
[EventRounds "7"]
[EventCountry "GER"]
[SourceTitle "XIX. DBMM 2019"]
[Source "FV Schach e.V."]
[SourceDate "2019.09.09"]
[SourceVersion "4"]
[SourceVersionDate "2019.10.16"]
[SourceQuality "1"]
[WhiteTeam "Deutsche Post Bonn"]
[BlackTeam "BA Tempelhof Berlin"]
[WhiteTeamCountry "GER"]
[BlackTeamCountry "GER"]

1. e4 c6 2. d4 d5 3. exd5 cxd5 4. c3 Nf6 5. Bf4 Nc6 6. Nd2 Bg4 7. Ngf3 e6 8.
Qb3 Qc8 9. Bd3 Be7 10. h3 Bh5 11. O-O O-O 12. Rae1 Rd8 13. Re3 Bg6 14. Bxg6
hxg6 15. Qd1 Bd6 16. Bxd6 Rxd6 17. Ng5 Ne7 18. g4 Ra6 19. Ndf3 Ne4 20. Nxe4
dxe4 21. Rxe4 Rxa2 22. Qb3 Ra6 23. Ne5 Nc6 24. Nd3 Rb6 25. Qa3 Ra6 26. Qd6 Qb8
27. Qxb8+ Rxb8 28. f4 Ne7 29. Re5 Nc6 30. Re2 Ne7 31. Kg2 Rc8 32. Nc5 Ra2 33.
Kf3 b6 34. Nd3 Ra5 $11 35. h4 Rc7 36. Rh1 Kf8 37. Nf2 Ke8 38. Ne4 Ng8 39. Kg3
Nf6 40. Nf2 Ra2 41. Kf3 Kd7 42. Nd3 Kc8 43. h5 gxh5 44. g5 Ne8 45. Rxh5 g6 46.
Rh8 Kd7 47. d5 Rc8 48. dxe6+ fxe6 49. Ne5+ Kc7 50. Nxg6 Nd6 51. Rxc8+ Nxc8 52.
Nf8 1-0

[Event "XIX. DBMM Schach"]
[Site "Billerbeck"]
[Date "2019.09.07"]
[Round "5.3"]
[White "Koerlin, Hans Juergen"]
[Black "Gikas, Andreas Basilius"]
[Result "0-1"]
[WhiteElo "1916"]
[BlackElo "2183"]
[Annotator "hjk"]
[PlyCount "37"]
[EventDate "2019.09.??"]
[EventType "team-swiss"]
[EventRounds "7"]
[EventCountry "GER"]
[SourceTitle "XIX. DBMM 2019"]
[Source "FV Schach e.V."]
[SourceDate "2019.09.09"]
[SourceVersion "4"]
[SourceVersionDate "2019.10.16"]
[SourceQuality "1"]
[WhiteTeam "BA Tempelhof Berlin"]
[BlackTeam "Deutsche Post Bonn"]
[WhiteTeamCountry "GER"]
[BlackTeamCountry "GER"]

1. e4 c5 2. b4 cxb4 3. Bb2 Nc6 4. d4 d5 5. exd5 Qxd5 6. c4 bxc3 7. Nxc3 Qd6 8.
d5 Ne5 9. Qd4 Nd7 10. Nf3 Ngf6 11. Bb5 a6 12. Ba4 g6 13. O-O Bg7 14. Rfe1 O-O
15. Bxd7 Nxd7 16. Qd2 Nb6 17. Re4 Bf5 18. Rh4 Rfc8 19. Rc1 0-1